| 000 | 00610nam a2200181Ia 4500 | ||
|---|---|---|---|
| 008 | 090123s9999 xx 000 0 und d | ||
| 082 |
_b22951 _a891.463/काकडे |
||
| 100 | _aकाकडे दत्तात्रय सदाशिव | ||
| 245 | _aघायाळ | ||
| 250 | _a1 | ||
| 260 |
_bप्रिया प्रकाशन _c1993 |
||
| 300 | _a224 | ||
| 600 | _aकाकडे दत्तात्रय सदाशिव | ||
| 630 | _aघायाळ | ||
| 700 | _aकाकडे दत्तात्रय सदाशिव | ||
| 730 | _aघायाळ | ||
| 942 | _cBOOK | ||
| 999 |
_c61023 _d61023 |
||